Theorizing the city : the new urban anthropology reader

Αποθηκεύτηκε σε:
Λεπτομέρειες βιβλιογραφικής εγγραφής
Άλλοι συγγραφείς: Low, Setha M. (Επιμελητής έκδοσης)
Μορφή: Βιβλίο
Γλώσσα:English
Δημοσίευση: New Brunswick : Rutgers University Press, c1999
Θέματα:
Ετικέτες: Προσθήκη ετικέτας
Δεν υπάρχουν, Καταχωρήστε ετικέτα πρώτοι!

MARC

LEADER 00000nam a2200000 i 4500
001 1/78601
008 050613s1999 eng d
020 |a 0-8135-2720-1 
035 |l 10078545 
040 |a GR-MY-UA  |b gre  |e aacr 
041 0 |a eng 
082 0 |a 307.76  |2 (22) 
245 1 0 |a Theorizing the city :  |b the new urban anthropology reader /  |c edited by Setha M. Low 
260 |a New Brunswick :   |b Rutgers University Press,   |c c1999 
300 |a xii, 433 σ.;  |b εικ., χάρτ.;  |c 25 εκ. 
504 |a Περιέχει βιβλιογραφία και ευρετήριο 
650 0 0 |a Cities and towns. 
650 0 0 |a Urban anthropology. 
650 0 0 |a Sociology, Urban. 
700 1 |a Low, Setha M.  |4 edt 
852 |a INST  |b LESVOS  |e 20050613  |h 307.76 THE  |p 005100032166  |q 005100032166  |t BK  |y 0 
901 |a BIBL1-2005-2 
909 |a Λ  |b 120986 
920 |a ΕΠΕΑΕΚ ΚΟΙΝΩΝΙΚΗΣ ΑΝΘΡΩΠΟΛΟΓΙΑΣ ΚΑΙ ΙΣΤΟΡΙΑΣ  |y ΛΕΣΒΟΣ  |z 2005-01 
970 |a ΚΑΡΑ  |b ΓΙΑΣΕΜΗ  |z 2005/06/13